000 00390cam a22001217a 4500
008 180718b1956 xxu||||| |||| 00| 0 eng d
082 _aA99 T45/Sh29
100 _aShay, Theodore L.
245 _aLegacy of the Lokmanya:the political philosophy of Bal Gangadhar Tilak
_cby Theodore L. Shay
260 _aLondon
_bOxford
_c1956
300 _axx,215p
650 _aTilak, Bal Gangadhar, 1856-1920.
999 _c416095
_d416095